Finance and Accounts for Managers

Guardado en:
Detalles Bibliográficos
Autor principal: Goch, Desmond
Formato: Libro
Lenguaje:inglés
Publicado: London PAN Books LTD 1971
Edición:1. ed.
Etiquetas: Agregar Etiqueta
Sin Etiquetas, Sea el primero en etiquetar este registro!

MARC

LEADER 00000nam a2200000 4500
001 c024621
005 20221220101725.8
041 0 |a eng 
044 |a GB 
245 1 0 |a Finance and Accounts for Managers  |c Desmond Goch 
250 |a 1. ed. 
264 1 |a London  |b PAN Books LTD  |c 1971 
300 |a 186 s. 
100 1 |a Goch, Desmond